Life cycle assessment handbook : a guide for environmnetally sustainable products

Saved in:
Bibliographic Details
Other Authors: Curran, Mary Ann (Editor)
Format: Book
Language:English
Published: New Jersey : Wiley, c2012.
Subjects:
Tags: Add Tag
No Tags, Be the first to tag this record!

MARC

LEADER 00000nam a2200000 a 4500
001 1/111803
008 160909t2012####us | ||| |||| ||eng||
020 |a 9781118099728   |q (σκληρό εξώφυλλο)  
040 |a GR-MyUa  |b gre  |c GR-MyUa  |e AACR2 
041 0 |a eng 
082 7 |a 658.5   |2 (23)  
245 1 0 |a Life cycle assessment handbook :   |b a guide for environmnetally sustainable products /   |c edited by Mary Ann Curran.  
260 |a New Jersey :   |b Wiley,   |c c2012.  
300 |a xx, 611 σ. :   |b διαγρ., πίν. ;   |c 27 εκ.  
504 |a Περιλαμβάνει βιβλιογραφικές παραπομπές και ευρετήριο.  
650 0 |a Product life cycle  |x Environmental aspects. 
650 0 |a Sustainable design. 
650 0 |a New products   |x Government policy. 
700 1 |a Curran, Mary Ann,  |e edt 
852 |a INST  |b CHIOS  |c EUDOXUS  |e 20160909  |h 658.5 LIF  |p 005200037206  |q 005200037206  |t BK  |y 0 
920 |a Εύδοξος  |b Παραγγελία  |y Χίος-ΤΝΕΥ  |z 2016-05